000 01235nam a2200337 c 4500
003 BLK
005 20250118103203.0
008 180408b bul|||||r ||||||| ||bul||
010 _aKNG00087405000
020 _a978-954-733-599-8
_bиздат.: Прозорец
040 _aBLK
041 _aBUL
_cBUL
080 _aАнглийска литература
_b821.111
_x-31
_z821.111-31
100 _aКолинс, Джаки
_c1941-
_9241664
700 1 _aМиланова, Йолина Антонова
_9363658
139 _aКолинс, Джаки
_bК 78
245 1 0 _aЖенени любовници
_bРоман
_cДжаки Колинс; прев. Йолина Миланова.
257 _aGBR
260 София
_bПрозорец
_c2008
_fСофия : Инвестпрес
300 _a384 с.
_c20 см
380 _aX
490 1 _aКолекция Джаки Колинс
500 _aОриг. загл. Married Lovers / Jackie Collins.
653 _aромани
852 _aЦб 242526
856 4 _qpdf
_u
856 4 _qpdf
_u
942 _cKNG
_n0
_076
944 _aCR
_c21.01.2009
_lЦветомила Тодорова
_k30576
944 _aED
_c08.02.2016
_lф /
_kЛюдмила_Стоянова
999 _c82868
_d82868